Trouve la série - Statistiques

Statistiques générales
  • Ce quiz a été pris 163 fois
  • Le résultat moyen est 7 sur 15
Statistiques - réponses
Personnages Réponse % Correct
Mercredi AddamsLarissa Weems Donovan Galpin Mercredi
90%
TokyoBerlin Nairobi La casa de papel
89%
Rachel GreenRoss Geller
Joey Tribbiani
Friends
69%
Seong Gi-HunKang Sae-Byeok
Cho Sang-Woo
Squid Game
69%
Daenerys TargaryenJorah Mormont Jaime Lannister Game of Thrones
57%
Sarah CameronPope Kiara Outer Banks
56%
Jim HopperJane Hopper
Lucas Sinclair
Stranger Things
54%
Miranda BaileyDerek Shepherd Cristina Yang Grey’s anatomy
48%
Daryl DixonRick Grimes Carol Peletier The Walking dead
48%
Assane Diop Hubert Pellegrini Youssef Guedira Lupin
39%
Jane VillanuevaPetra Solano Rafael Solano Jane the virgin
36%
Marshall EriksenLily Aldrin Ted Mosby How I met your mother
32%
Temperence BrennanSeeley Booth Angela Montenegro Bones
21%
Devi VishwakumarPaxton Hall-Yoshida Eleanor Wong Never have I ever
18%
Charles-Haden SavageOliver Putman Mabel Mora Only murders in the building
9%
Aucun quiz correspondant
Distribution des résultats
% des personnes avec chaque résultat
Percentile par nombre de réponses
Votre historique - résultats
Vous n’avez pas pris ce quiz